Statistics for November Rain - Guns N’ Roses - All Lyrics

Click here to take the quiz!

General Stats

  • This quiz has been taken 141 times
  • The average score is 307 of 380

Answer Stats

Answer% Correct
Ooh,
100%
ooh
100%
woah-woah
100%
I
99%
a
98%
no
97%
the
97%
ya
97%
you,
97%
you
97%
rain
95%
your
95%
can
93%
In
93%
know
93%
November
93%
Do
92%
So,
92%
to
92%
need
91%
some
91%
When
91%
when
91%
an
90%
cold
90%
on
90%
see
90%
time
90%
eyes
89%
hold
89%
look
89%
me
89%
don't
88%
Don't
88%
Don’t
88%
feel
88%
into
88%
love
88%
it
87%
own
87%
own?
87%
we
87%
We
87%
same?
86%
all
85%
and
85%
And
85%
Everybody
85%
everybody
85%
hard
84%
heart
84%
not
84%
alone
82%
alone?
82%
darlin',
82%
it's
82%
candle
81%
needs
81%
But
80%
But,
80%
my
79%
rest
79%
that
79%
their
79%
Then,
79%
be
78%
yeah
77%
Yeah
77%
just
76%
Just
76%
change
74%
one)
74%
one
74%
one,
74%
somebody
74%
somebody?
74%
(You're
74%
you're
74%
You’re
74%
forever
73%
If
73%
if
73%
Nothin'
73%
restrained
73%
both
71%
Even
71%
even
71%
lasts
71%
go
70%
only
70%
hearts
69%
someone?
69%
think
69%
out
68%
pain,
67%
want
67%
friends
66%
there's
66%
walkin'
66%
walkin’
66%
mine
65%
mine,
65%
blame
64%
broken
64%
could
64%
heal
64%
open
64%
head,
63%
seem
63%
been
62%
left
62%
still
60%
refrain
59%
this
59%
tryna
59%
harm
58%
long,
58%
long
58%
never
58%
up
58%
were
58%
keep
57%
knowin'
57%
way
57%
find
56%
lay
55%
mind
55%
such
55%
always
54%
end
54%
take
54%
come
53%
darkness
53%
kill
53%
through
53%
We've
53%
Wouldn’t
53%
away
52%
I'll
52%
Or
52%
charm
51%
line
51%
Sometimes,
49%
really
47%
today,
47%
remain,
46%
shadows
46%
lovers
41%
lettin'
40%
who's
40%
fears
37%
one's
37%
subside
37%
sure
37%

Score Distribution

Percentile by Number Answered

Percent of People with Each Score

Your Score History

You have not taken this quiz